00786nam a2200205Ia 4500003000900000008004100009020001800050040001600068080002300084111009200107245018300199260004200382300001400424650002700438650004100465650001200506650001800518700002000536700002400556IN-BaIIA211028s9999 xx 000 0 eng d a90-277-2298-6 cIIA Library a082.2:52bIAU-S119 aInternational Astronomical Union Symposium on Quasarsmn119thcBangalored1985 Dec. 2-6 0aQuasarsbproceedings of the International Astronomical Union Symposium no.119 on Quasarsm, held in Bangalore, India December 2-6, 1985cedited by Govind Swarup and V. K. Kapahi  aDordrechtbD. Reidel Publishingc1986 axx, 605p. aActive galactic nuclei aAstronomy and Astrophysics thesaurus aQuasars aX-ray sources aKapahi, V. K.  aSwarup, Govind, ed.